<?xml version="1.0" encoding="UTF-8"?>
<collection xmlns="http://www.loc.gov/MARC21/slim">
 <record>
  <leader>00515pamaa2200169   4500</leader>
  <controlfield tag="001">0000019265</controlfield>
  <controlfield tag="005">20050920090000.0</controlfield>
  <datafield tag="020" ind1="0" ind2="0">
   <subfield code="a">0749424478 </subfield>
  </datafield>
  <datafield tag="082" ind1=" " ind2=" ">
   <subfield code="a">658.82 CUM 1998</subfield>
  </datafield>
  <datafield tag="090" ind1="0" ind2="0">
   <subfield code="a">HF5438.5 </subfield>
   <subfield code="b">CUM 1998</subfield>
  </datafield>
  <datafield tag="100" ind1="1" ind2="0">
   <subfield code="a">CUMMINS </subfield>
  </datafield>
  <datafield tag="245" ind1="1" ind2="0">
   <subfield code="a">Sales promotion : </subfield>
   <subfield code="b">how to create and implement campaigns that really work  </subfield>
   <subfield code="c">Julian Cummins.</subfield>
  </datafield>
  <datafield tag="250" ind1="0" ind2="0">
   <subfield code="a">2nd ed.</subfield>
  </datafield>
  <datafield tag="260" ind1="0" ind2="0">
   <subfield code="a">London: </subfield>
   <subfield code="b">Kogan Page, </subfield>
   <subfield code="c">1998.</subfield>
  </datafield>
  <datafield tag="300" ind1=" " ind2=" ">
   <subfield code="a">xi, 268p.: </subfield>
   <subfield code="b">24cm.</subfield>
  </datafield>
  <datafield tag="650" ind1="0" ind2="0">
   <subfield code="a">Sales promotion -- </subfield>
   <subfield code="z">Greation Britain </subfield>
  </datafield>
  <datafield tag="650" ind1="0" ind2="0">
   <subfield code="a">Marketing -- </subfield>
   <subfield code="x">Great Britain </subfield>
  </datafield>
 </record>
</collection>
